| 000 | 00421nam a2200181Ia 4500 | ||
|---|---|---|---|
| 001 | 4076 | ||
| 005 | 20260306145729.0 | ||
| 008 | 260306t2002||||xx |||||||||||||| ||spa|| | ||
| 041 | _aESP | ||
| 082 |
_a306.85 _bH12 Nº 39 |
||
| 100 |
_aOtero, Oliveros F. _eAUT |
||
| 245 | 0 | _aLos abuelos jóvenes | |
| 260 | _c2002 | ||
| 300 |
_a215 páginas : _c19 cm. |
||
| 650 | _aGEN | ||
| 654 | _aCED | ||
| 942 |
_cLIB _dJUS _fJUS _2ddc _n |
||
| 999 |
_c4076 _d4076 |
||